|
|
|
|
| LEADER |
00000ckm a2200000 a 4500 |
| 001 |
vtls010694312 |
| 003 |
SK-MaSNL |
| 005 |
20260331210448.0 |
| 007 |
kf bo |
| 008 |
231121s1968 xo g 00 kuslo |
| 015 |
|
|
|a SNBG1968
|
| 035 |
|
|
|a 22A31567-E5DF-4D95-9C46-0E237DFD109E
|
| 035 |
|
|
|a urn:nbn:sk:snk-kmxywh
|
| 035 |
|
|
|a urn:nbn:sk:snk-km0055do
|
| 040 |
|
|
|a SNK
|b slo
|c SNK
|e AACR2
|
| 041 |
0 |
|
|a slo
|
| 043 |
|
|
|a e-xo---
|
| 044 |
|
|
|a xo
|c SK
|
| 072 |
|
7 |
|a 913
|x Regionálna geografia
|2 konspekt
|
| 080 |
|
|
|a 908(437.6)
|2 2001
|
| 080 |
|
|
|a (084.121)
|2 2001
|
| 080 |
|
|
|a 711.73
|2 2001
|
| 080 |
|
|
|a 913(437.6)
|2 2011
|
| 080 |
|
|
|a 728.222
|2 2011
|
| 080 |
|
|
|a 721
|2 2011
|
| 080 |
|
|
|a 711.73
|2 2011
|
| 080 |
|
|
|a (084.121)
|2 2011
|
| 100 |
1 |
|
|a Rozman, Ladislav,
|d 1898-1986
|4 pht
|9 5062
|
| 245 |
1 |
0 |
|a Košice - ulica Boženy Němcovej
|h grafika
|c foto Ladislav Rozman
|
| 260 |
|
|
|a [Bratislava]
|b VPL
|c 1968
|
| 300 |
|
|
|a 1 pohľadnica
|b čiernobiela
|c 11 x 15 cm
|
| 520 |
8 |
|
|a Zobrazenie: Pohľad zo strany, z cesty na budovu Pozemných stavieb, ktorá je vľavo. Pred ňou je električková trať so zastávkou a muž, ktorý prechádza cez električkové koľaje. Vpravo v popredí je chodník, na ktorom sú dvaja ľudia. V zákrute vpravo sú tri autá. V pozadí vľavo je rad obytných domov, za ktorými je kopec
|
| 610 |
2 |
7 |
|a Pozemné stavby (Košice, Slovensko)
|2 SNKKA
|9 269155
|
| 650 |
0 |
7 |
|a ulice
|2 SNKPH
|9 2938
|
| 650 |
0 |
7 |
|a budovy
|2 SNKPH
|9 1283
|
| 650 |
0 |
7 |
|a bytové domy
|2 SNKPH
|9 31781
|
| 650 |
0 |
7 |
|a Streets
|2 SNKPHeng
|9 347269
|
| 650 |
0 |
7 |
|a Buildings
|2 SNKPHeng
|9 286401
|
| 650 |
0 |
7 |
|a Residential houses
|2 SNKPHeng
|9 347268
|
| 651 |
|
7 |
|a Košice (Slovensko)
|2 SNKPHgeo
|9 18694
|
| 651 |
|
7 |
|a Ulica Boženy Němcovej (Košice, Slovensko)
|2 SNKPHgeo
|9 447970
|
| 655 |
|
7 |
|a miestne pohľadnice
|2 SNKPH
|9 70510
|
| 655 |
|
7 |
|a Local postcards
|2 SNKPHeng
|9 340887
|
| 852 |
|
|
|a Slovenská národná knižnica
|
| 954 |
|
|
|a pohľadnice pôvodné (slovenské)
|2 lita
|
| 958 |
|
|
|a GBN
|
| 958 |
|
|
|a GC
|
| 958 |
|
|
|a OND
|
| 958 |
|
|
|a EUIPO
|
| 999 |
|
|
|c 1014521
|d 1016451
|
| 952 |
|
|
|a SNK
|b SNK
|y PREZ
|7 0
|p 17A0700081
|o snkSP 439/a
|0 0
|1 0
|4 0
|d 2015-07-22
|f 1
|l 0
|r 2026-02-24 13:04:36
|w 2026-02-24
|
| 952 |
|
|
|a SNK
|b SNK
|y PREZ
|7 0
|p 17A1440379
|o snkSP 439/a D1
|z Pohľadnica prešla poštou.
|0 0
|1 0
|4 0
|d 2025-07-11
|l 0
|r 2026-02-24 13:04:36
|w 2026-02-24
|
| 952 |
|
|
|a SNK
|b SNK
|y PREZ
|7 0
|p 17A1440777
|o snkSP 439/a D2
|z Pohľadnica prešla poštou.
|0 0
|1 0
|4 0
|d 2025-07-11
|l 0
|r 2026-02-24 13:04:36
|w 2026-02-24
|